Quizzes
Events
Quiz Creation
Community
Videos
Private Events
Remove Ads
Sign In
Join for FREE
Feedback
Dark Mode
Quiz Categories
Sports
Geography
Music
Movies
Television
Just For Fun
Miscellaneous
History
Literature
Language
Science
Gaming
Entertainment
Religion
Holiday
For Kids
Quiz Lab
Recent
Popular Today
Quiz Kudos Today
Editor Picks
Curator Picks
Quizzes by...
Day
Popularity
Type
Ratings
Length
Year
Community
Subscriptions
Recent Discussions
Orange Saloon
Badges
Playlists
Quests
Create
Leaderboards
Showdown
Live 5
Trivia Bingo
Activity
Puzzle Library
Sporcle Events
Private Events
Virtual Trivia
Globe League
Become a Host
Pub Owners
SporcleCon
Opinionation
Our Games
Videos
Blog
Mobile Apps
Partnerships
Remove Ads and Go Orange
Feedback
Gaming
Video Games
Board Games
Card Games
Pokémon
Mario
Nintendo
Minecraft
Console
Toys
Legend of Zelda
Gaming
Video Games
Board Games
Card Games
Pokémon
Mario
Nintendo
Minecraft
Console
Toys
Legend of Zelda
Random Quiz
Search Sporcle
×
Quiz Lab
Quiz Lab
Gaming
Dragon
Type in answers that appear in a list
Type in answers that appear in a list
Classic
Best Score? Go Orange.
Dragonvale Dragons Stats
Can you name the Dragons of Dragonvale?
By
johnnyfuzz0001
5m
40 Questions
87 Plays
87 Plays
87 Plays
Comments
Comments
Give Quiz Kudos
Give Quiz Kudos
-
- Ratings
hide this ad
Replay
Link that replays current quiz
Next Quiz
Link to next quiz in quiz playlist
You Got
0%
They Got
Avg Score
65%
Avg Friend Score
Upgrade to see
Score Distribution
Jump to the score distribution portion of the page
Score
0/40
Timer
05:00
0
Plays Today
Type
Dragon
% Correct
Basic Type
Plant
95.4%
Basic Type
Earth
93.1%
Basic Type
Fire
93.1%
Basic Type
Lightning
89.7%
Basic Type
Water
89.7%
Basic Type
Air
89.7%
Special
Moon
88.5%
Special
Sun
88.5%
Special
Rainbow
88.5%
Basic Type
Cold
85.1%
Hybrid
Tree
77%
Hybrid
Flower
73.6%
Hybrid
Lava
72.4%
Hybrid
Moss
70.1%
Hybrid
Poison
65.5%
Hybrid
Blue Fire
64.4%
Hybrid
Ice
63.2%
Limited
Panlong
60.9%
Limited
Bone
59.8%
Hybrid
Frostfire
58.6%
Type
Dragon
% Correct
Hybrid
Blazing
58.6%
Hybrid
Storm
57.5%
Hybrid
Fog
57.5%
Hybrid
Mud
56.3%
Hybrid
Crystal
55.2%
Limited
Reindeer
55.2%
Hybrid
Mountain
54%
Hybrid
Sandstorm
54%
Limited
Clover
54%
Hybrid
Scorch
52.9%
Hybrid
Seaweed
52.9%
Hybrid
Quake
51.7%
Hybrid
Iceberg
51.7%
Hybrid
Firefly
50.6%
Hybrid
Swamp
50.6%
Limited
Love
50.6%
Hybrid
Snow
49.4%
Hybrid
Willow
47.1%
Hybrid
Sonic
46%
Limited
Leap Year
46%
Quiz Playlist
Details
Report
Send in Message
Add To Playlist
Classic:
Type in answers that appear in a list
Last Updated: Feb 16, 2017
Quiz Scoreboard
CHALLENGE
Sign Up to Join the Scoreboard
Show All
Scores
Hide
Comments
May contain spoilers
Recently Published
Billboard Blitz: Fleetwood Mac
by CooCooCachoo
Music
15s
Presidents Visiting Landmarks
by Hejman
History
7m
An Introduction to Baseball
by treessimontrees
Sports
5m
More to Explore
Quiz From the Vault
Featured Blog Post
Where Did the Easter Bunny Come From?
hide this ad
You Might Also Like...
Tags
Dragon
Today's Top Quizzes in Gaming
Browse Gaming
hide this ad
Today's Top Quizzes in Dragon
Browse Dragon
Top Contributed Quizzes in Gaming
1
5-to-1: Consoles
2
5-to-1: Legend of Zelda
3
7-to-1: Board Game Piece Blitz
4
Destiny 2 exotic weapons by perk icons
5
Ultimate Genshin Impact Logic Puzzle (up to 4.3)
6
Franchise by Action Figure
7
Genshin Impact Logic Puzzle Quiz
8
Who's on the WWE 2K24 Cover?
9
Overwatch Logic Puzzle
10
League of Legends Pro Players by Career/Team History
Explore More
Trending Topics
Crossword
Harry Potter
Kpop
Marvel
Disney
NBA
Anime
Soccer
WWE
NFL
Country
The Office
Song
Puzzle
Pokémon
hide this ad
More By:
johnnyfuzz0001
Quiz
Plays
Rating
Category
Featured
Created
All Flying Pokemon
1,013
3.07
Gaming
Apr 14, 2010
All Grass Pokemon
531
3.67
Gaming
Apr 14, 2010
All water pokemon
442
3.33
Gaming
Apr 13, 2010
All Electric Pokemon
411
2.22
Gaming
Mar 3, 2011
All Steel Pokemon
141
3.25
Gaming
Mar 1, 2011
Go to Creator's Profile
Score Distribution
Quiz Creator Spotlight
johnnyfuzz0001
Follow
Send a Message
Quizzes Created
-
Created Quiz Play Count
-
More By This Creator
Popular Quizzes Today
1
Find the US States - No Outlines Minefield
2
Find the Countries of Europe - No Outlines Minefield
3
The Countries of the World
4
Find the US States
5
US States
6
Popular People in 1961
7
Risky Map Clicking: Biggest States A-Z
8
Movies - When Are They Set?
More Gaming Quizzes
Sporcle's Easiest Gaming
Published
Trending Quizzes
Risky Map Clicking: Least Populous States A-Z
1-10 Letter G Words
1-10 Letter F Words
Risky Map Clicking: Next State Alphabetically
Risky Map Clicking: Biggest States A-Z
Recently Updated
Leaping Animals
pecheneg
Reality TV Shows (A-Z)
bhenderson79
Rickey Henderson's Hall of Fame Teammates
pecheneg
Champions League XIs: Arsenal
pecheneg
Quick Pick: Celebrities in WWE's Hall of Fame
aduchscher
A-Z Keypad Blitz II
pecheneg
Multiple Oscar Actors
pecheneg
Mystery Phrase Blitz: Oscar 'Best Actors'
pecheneg
F. Scott Fitzgerald Novels
LTH
Pick 3 Villains
ddd62291
Trending Topics
Crossword
NBA
Marvel
Disney
Harry Potter
Kpop
Anime
The Office
Country
WWE
NFL
Pokémon
Puzzle
Song
Soccer
Your Account Isn't Verified!
In order to create a playlist on Sporcle, you need to verify the email address you used during registration. Go to your
Sporcle Settings
to finish the process.
Report this User
Report this user for behavior that violates our
Community Guidelines
.
Details:
Send Report
Go to the Sporcle.com Mobile Site →
Comments